=LDR 00000nam 2200000 4500 =001 INLIS000000000049554 =005 20260106041247 =035 ##$$a 0010-021700000000346 =008 260106################g##########0#ind## =020 ##$$a 978-602-7665-74-3 =040 ##$$a NBPDMAT =082 ##$$a R.324.602 6 =090 ##$$a 324.602 6 $bInd u =100 ##$$a Indonesia =245 1#$$a Undang-undang RI No. 2 Tahun 2008 Tentang Partai Politik, Undang-undang RI No. 2 Tahun 2011 Tentang Perubahan atas Undang-undang No. 2 Tahun 2008 Tentang Partai Politik; Undang-undang RI No. 8 tahun 2012 Tentang Pemilihan Umum Anggota DPR, DPD, dan DPRD; Undang-undang RI No. 15 Tahun 2011 Tentang Penyelenggaraan Pemilihan Umum /$c Indonesia =250 ##$$a Cet. 2 =260 ##$$a Yogyakarta :$b Laksana,$c 2013 =300 ##$$a 403 hlm. ; $c 20 x 14 cm =650 #4$$a Pemilihan Umum - Undang-undang dan Peraturan =850 ##$$a NBPDMAT =084 ##$$a R.324.602 6 IND u =990 ##$$a 21606227 =990 ##$$a 21606228